000 00233nam a2200097Ia 4500
001 1229331
005 20250827093059.0
008 250824s9999 xx 000 0 und d
245 0 _a11. YAZIT
_cWILBUR SMITH
260 _bALTIN KİTAPLAR
999 _c1229331
_d1229331